000 02802nam0a2200421 4500
001 RU\NLR\BIBL_A\022568853
005 20260420045837.0
010 _a978-5-901282-64-9
_9500
021 _aRU
_bКН-П-25-024514
_9КН-П-25-2444
035 _a(NLR Aleph) 022568853
090 _a13675461
_c13675461
100 _a20250618d2025 k y0rusy50 ca
101 0 _arus
102 _aRU
105 _aac z 000yy
181 0 _ai3
_baxxe
182 0 _an
200 1 _aКультура картофеля в регионах России
_eистории, современные тенденции, взгляд в будущее
_eмонография
_fС. В. Жевора, Б. В. Анисимов, Е. А. Симаков [и др.]
_gпод редакцией С. В. Жеворы, Б. В. Анисимова
_gМинистерство сельского хозяйства Российской Федерации, Федеральное государственное бюджетное научное учреждение "Федеральный исследовательский центр картофеля имени А. Г. Лорха" (ФГБНУ "ФИЦ картофеля имени А. Г. Лорха")
203 _aТекст
_bвизуальный
_cнепосредственный
210 _aЧебоксары
_cНовое Время
_d2025
215 _a134, [1] с.
_cил., цв. ил., портр., табл.
_d22
300 _aАвт. указаны на обороте тит. с.
300 _aНа 133-й с. 1-й авт.: Жевора С. В., д-р с.-х. наук
320 _aБиблиогр.: с. 132
606 1 _aКартофелеводство
_xИстория
_yРоссия
_92676197
_3RU\NLR\AUTH\6601759590
606 1 _aКартофелеводство
_xИстория
_yСССР
_92553669
_3RU\NLR\AUTH\661510946
606 1 _aКартофелеводство
_yРоссийская Федерация
_92439266
_3RU\NLR\AUTH\661451246
686 1 _aП215.1г(2)
686 1 _aП215.1-4(2Р)
701 1 _7ca
_8rus
_aЖевора
_bС. В.
_gСергей Валентинович
_9248986
_3RU\NLR\AUTH\770249042
701 1 _7ca
_8rus
_aАнисимов
_bБ. В.
_cканд. биол. наук
_f1937-
_gБорис Васильевич
_9269304
_3RU\NLR\AUTH\770269360
701 1 _7ca
_8rus
_aСимаков
_bЕ. А.
_cд-р с.-х. наук
_gЕвгений Алексеевич
_9106009
_3RU\NLR\AUTH\77123084
712 0 2 _4570
_aФедеральный исследовательский центр картофеля им. А. Г. Лорха
_cпос. Красково, Московская обл.
_9746360
_3RU\NLR\AUTH\880541124
942 _cBOOK
980 _aNB